| 000 | 01464nam a22004337a 4500 | ||
|---|---|---|---|
| 001 | T0000636 | ||
| 003 | KOHA_MİRAKIL | ||
| 005 | 20260207004631.0 | ||
| 007 | ta | ||
| 008 | 210629b2021 tu |||grm|||#0|||0|tur | | ||
| 040 |
_aTR-BiSEU _btur _cTR-BiSEU _erda |
||
| 041 | 0 | _atur | |
| 044 | _ctu | ||
| 050 | 0 | 0 |
_aTez _b636 |
| 100 | 1 | _aGüven, Gamze. | |
| 245 | 1 | _aŞeyhülislamlığa ait üç numaralı Telhis Defterinin transkripsiyon ve değerlendirmesi (VR.1-95) | |
| 245 | 1 |
_a/ _cGamze Güven ; Gamze Güven; danışman İlhami Yurdakul. |
|
| 264 | 1 |
_aBilecik : _bBilecik Şeyh Edebali Üniversitesi _c2021 |
|
| 300 |
_aiv, 214 sayfa; 30 cm. + _e1 CD-ROM |
||
| 336 |
_ametin _btxt _2rdacontent |
||
| 337 |
_aaracısız _bn _2rdamedia |
||
| 338 |
_acilt _bnc _2rdacarrier |
||
| 490 | 0 | _aRef. | |
| 490 | 0 | _aNo: 10236054 | |
| 500 | _aKaynakça var. | ||
| 500 | _aİngilizce Eser Adı: Transcription text of the three numbered Copy Book (VR.1-95) | ||
| 502 | _aTez (Yüksek Lisans) -- Bilecik Şeyh Edebali Üniversitesi Sosyal Bilimler Enstitüsü Tarih Anabilim Dalı, Bilecik, . | ||
| 650 | 0 |
_aMedrese. _9124904 |
|
| 650 | 0 |
_aŞeyhülislam. _9124905 |
|
| 650 | 0 |
_aKadıasker. _9124906 |
|
| 650 | 0 |
_aMüderris. _9124907 |
|
| 650 | 0 |
_aMadrasa. _9124908 |
|
| 650 | 0 |
_aCadilesker. _9124909 |
|
| 650 | 0 |
_aMudarrıs. _9124910 |
|
| 830 | 0 |
_aRef. _9123605 |
|
| 830 | 0 |
_aNo: 10236054 _9124911 |
|
| 856 | 4 | 0 | _uhttps://hdl.handle.net/11552/1731 |
| 907 | _aYüksek Lisans | ||
| 942 |
_2lcc _cTS |
||
| 999 |
_c66535 _d66535 |
||